|
|
|
|
| LEADER |
01033nam a22002297a 4500 |
| 001 |
NCT_57448 |
| 008 |
190112b xxu||||| |||| 00| 0 vie d |
| 999 |
|
|
|c 2776
|d 2776
|
| 020 |
|
|
|c 379000
|
| 082 |
0 |
4 |
|2 23rd ed.
|a 658.848
|b C359
|
| 100 |
1 |
|
|a Cateora, Philip R.
|
| 245 |
1 |
0 |
|a Marketing quốc tế =
|b Internation marketing
|c Philip R. Cateora, Maryc C. Gilly, John L. Graham
|
| 250 |
|
|
|a Xuất bản lần thứ 16
|
| 260 |
|
|
|a Tp. Hồ Chí Minh
|b Kinh tế Tp. Hồ Chí Minh
|c 2015
|
| 300 |
|
|
|a 775 tr.
|b Minh họa
|c 27cm
|
| 653 |
|
|
|a Quản trị kinh doanh
|
| 700 |
1 |
|
|a Gilly, Maryc C.
|
| 700 |
1 |
|
|a Graham, John L.
|
| 942 |
|
|
|2 ddc
|c BK
|
| 952 |
|
|
|0 0
|1 0
|2 ddc
|4 0
|6 658_848000000000000_C359
|7 0
|9 15212
|a 000001
|b 000001
|d 2019-01-12
|o 658.848 C359
|p MD.14096
|r 2019-01-12
|v 379000.00
|w 2019-01-12
|y BK
|
| 952 |
|
|
|0 0
|1 0
|2 ddc
|4 0
|6 658_848000000000000_C359
|7 0
|9 15213
|a 000001
|b 000001
|d 2019-01-12
|o 658.848 C359
|p MD.14097
|r 2019-01-12
|v 379000.00
|w 2019-01-12
|y BK
|
| 980 |
|
|
|a Thư viện Trường Đại học Nam Cần Thơ
|